000
00308nam a2200109 a 4500
005
20140414131946.0
008
110201s19uu xx 00 eng d
050
_a
TR 371.307
_b
N59 2001
100
_a
Nilsen, Anna
245
_a
Let's learn words :
_b
a fun flip activity book to play together.
999
_c
112683
_d
112683